FC Cincinnati Squad 2025 - Statistics

General Stats
  • This quiz has been taken 13 times
    11 since last reset
  • The average score is 14 of 27
Answer Stats
# Position Nation Player % Correct
10 MF Brazil Evander
86%
9 FW Togo Kévin Denkey
86%
4 DF United States Nick Hagglund
86%
18 GK United States Roman Celentano
86%
7 MF Japan Yūya Kubo
86%
85 FW Sierra Leone Kei Kamara
71%
25 GK United States Paul Walters
71%
1 GK United States Alec Kann
57%
2 DF Jamaica Alvas Powell
57%
23 FW Argentina Luca Orellano
57%
29 DF Denmark Lukas Engel
57%
21 DF United States Matt Miazga
57%
20 MF Czech Republic Pavel Bucha
57%
11 FW United States Corey Baird
43%
91 DF United States DeAndre Yedlin
43%
13 GK United States Evan Louro
43%
12 DF United States Miles Robinson
43%
5 MF Nigeria Obinna Nwobodo
43%
- Coach United States Pat Noonan
43%
14 DF Australia Brad Smith
29%
22 MF United States Gerardo Valenzuela
29%
17 FW Brazil Sérgio Santos
29%
37 MF Mexico Stiven Jimenez
29%
16 DF Zimbabwe Teenage Hadebe
29%
3 DF Paraguay Gilberto Flores
14%
19 FW Romania Ștefan Chirilă
14%
27 MF Cameroon Tah Anunga
14%
No matching quizzes found
Score Distribution
Percent of People with Each Score
Percentile by Number Answered
Your Score History
You have not taken this quiz since the last reset